| 000 | 01849nam0a2200325 i 4500 | ||
|---|---|---|---|
| 001 | RU\NLR\BIBL_A\010911119 | ||
| 005 | 20260407120008.0 | ||
| 010 |
_a9785781013692 _940 |
||
| 021 |
_aRU _b2015-85637 _95240 |
||
| 035 | _a(NILC)RuMoRGB-008063360 | ||
| 035 | _a(NLR Aleph) 010911119 | ||
| 090 |
_a10630654 _c10630654 |
||
| 100 | _a20151124d2015 km y0rusy50 ca | ||
| 101 | 0 | _arus | |
| 102 | _aRU | ||
| 105 | _ay j 000yy | ||
| 200 | 1 |
_aОсновные главы элементарной математики _eучебно-методический комплекс по дисциплине _eкурс лекций _fМ-во образования и науки Российской Федерации, Федеральное гос. бюджетное образовательное учреждение высш. проф. образования "Хакасский гос. ун-т им. Н. Ф. Катанова" _g[сост.: Дернович Елена Сергеевна, Мельникова Ольга Леонидовна] |
|
| 210 |
_aАбакан _cФГБОУ ВПО "Хакасский государственный университет им. Н. Ф. Катанова" _d2015 |
||
| 215 |
_a126 с. _cил. _d20 |
||
| 320 | _aБиблиогр.: с. 124-125 | ||
| 606 | 1 |
_aМатематика _jУчебные издания для высших учебных заведений _9922118 _3RU\NLR\AUTH\6619329 |
|
| 686 | 1 | _aВ10я73-2 | |
| 702 | 1 |
_aДернович _bЕ. С. _gЕлена Сергеевна _4220 |
|
| 712 | 0 | 2 |
_4570 _aХакасский государственный университет им. Н. Ф. Катанова _cАбакан _9395994 _3RU\NLR\AUTH\889950109 |
| 801 | 0 |
_aRU _bРГБ _c20151109 _gRCR |
|
| 942 | _cBOOK | ||
| 980 | _aNBR | ||